Cities With 5 or More Sports Teams - Statistics

General Stats
  • This quiz has been taken 462 times
  • The average score is 8 of 10
Answer Stats
Hint Answer % Correct
MLB 2, NBA 2, NHL 2, MLS 1, NFL 2 New York City
98%
MLB 2, NBA 2, NHL 2, MLS 2 Los Angeles/Anaheim
94%
MLB 2, NBA 1, NHL 1, MLS 1, NFL 1 Chicago
89%
MLB 1, NBA 1, NHL 1, MLS 1, NFL 1 Dallas
84%
MLB 1, NBA 1, NHL 1, MLS 1, NFL 1 Boston
78%
MLB 2, NBA 1, NHL 1, MLS 1, NFL 2 San Francisco Bay Area
74%
MLB 1, NBA 1, NHL 1, MLS 1, NFL 1 Philadelphia
69%
MLB 1, NBA 1, NHL 1, MLS 1, CFL 2 Toronto
65%
MLB 1, NBA 1, NHL 1, MLS 1, NFL 1 Denver
59%
MLB 1, NBA 1, NHL 1, MLS 1, NFL 1 Washington D.C.
57%
No matching quizzes found
Score Distribution
Percent of People with Each Score
Percentile by Number Answered
Your Score History
You have not taken this quiz